| 000 | 01043nam a2200289 i 4500 | ||
|---|---|---|---|
| 001 | 000013122 | ||
| 003 | DO-SdBNP | ||
| 005 | 20250131084225.0 | ||
| 007 | ta | ||
| 008 | 091120s1995 dr 000 j spa d | ||
| 040 |
_aDO-SdBNP _bspa _cBNPHU _erda |
||
| 041 | _aspa | ||
| 082 | 4 |
_aRD863.4408 _bU47f _222 |
|
| 245 | 0 | 0 |
_aUltima flor del naufragio : _bantología de novísimos cuentistas dominicanos / _cselección, prólogo y notas de, Pedro Antonio Valdez. |
| 264 | 1 |
_aSanto Domingo : _bEdiciones Hojarasca : _bEditora Isla Negra, _c1995. |
|
| 300 |
_a142 páginas ; _c21 cm. |
||
| 336 |
_atexto _btxt _2rdacontent |
||
| 337 |
_asin mediación _bn _2rdamedia |
||
| 338 |
_avolumen _bnc _2rdacarrier |
||
| 500 | _aIncluye datos biográficos del autor en las solapas. | ||
| 590 | _aInventariado, 2020 /LP | ||
| 650 | 4 |
_aCuentos dominicanos _vColecciones _9146 |
|
| 650 | 4 |
_aLiteratura dominicana. _967 |
|
| 700 | 1 |
_aValdez, Pedro Antonio, _d1968- _epróloguista _4pr. _922509 |
|
| 910 | _aValidado. Control de calidad MFF | ||
| 942 |
_2ddc _cLBS1 |
||
| 999 |
_c12764 _d12764 |
||